000 00673nam a2200241Ia 4500
003 OSt
005 20220924125229.0
006 a|||||r|||| 00| 0
007 ta
008 220923b |||||||| |||| 00| 0 tam d
024 _a220470
037 _cTextual
040 _aARTS
_cARTS
_btam
041 _2tam
_atam
082 _aO31,1:g, 111N8
100 _aMarudanayagam P.
_924998
245 0 _aTamil canon
_b comparative readings
260 _aPunducherry
_bThe Punducherry Co- Op. Book Society
_c1998
300 _a176p.
_ccm.
650 _aTAMIL LITERATURE
942 _hO31,1:g, 111N8
_cTEXL
_2CC
999 _c422175
_d422175